| 000 | 00695nam a2200217 a 4500 | ||
|---|---|---|---|
| 001 | 000041386 | ||
| 005 | 20201002034837.0 | ||
| 008 | 131001s1992 sp b 001 0 spa d | ||
| 020 | _a9788432045424 | ||
| 040 |
_aDO-SdBNP _bspa _cBNPHU |
||
| 082 |
_axxxx _bxxxx |
||
| 100 | 1 |
_aHerren, Ricardo _968036 |
|
| 245 | 1 | 3 |
_aLa conquista erótica de las indias. / _cRicardo Herren. |
| 250 | _a3a ed. | ||
| 260 |
_aBarcelona, : _bPlaneta, _c1992. |
||
| 300 |
_a268 p. : _bmaps. ; _c21 cm. |
||
| 490 | 1 |
_aMamoria de la historia _v53 |
|
| 500 | _aIncluye índice onomástico | ||
| 504 | _aIncluye referencias bibliográficas y notas al pie de las páginas | ||
| 830 | 0 |
_aMemoria de la historia _n53 _968037 |
|
| 999 |
_c40876 _d40876 |
||